Lyrics - Geese - 3D Country - Statistics

General Stats
  • This quiz has been taken 5 times
  • The average score is 172 of 316
Answer Stats
Answer % Correct
a
100%
I
100%
love
100%
me
100%
my
100%
on
100%
so
100%
the
100%
The
100%
we
100%
and
67%
And
67%
baby
67%
by
67%
come
67%
Come
67%
country
67%
for
67%
her
67%
hi
67%
his
67%
honey
67%
I'm
67%
in
67%
it
67%
It
67%
I've
67%
life
67%
no
67%
of
67%
Oh
67%
oh
67%
she
67%
She
67%
that
67%
to
67%
was
67%
were
67%
When
67%
you
67%
above
33%
ain't
33%
aint
33%
alive
33%
all
33%
alone
33%
are
33%
around
33%
baby's
33%
back
33%
been
33%
began
33%
behind
33%
bills
33%
born
33%
brothers
33%
burning
33%
but
33%
Caesar's
33%
Cassidy's
33%
coming
33%
could
33%
cowboy
33%
cried
33%
cry
33%
cut
33%
cutting
33%
dancing
33%
daughter
33%
day
33%
dead
33%
dee
33%
die
33%
dollar
33%
don't
33%
double
33%
down
33%
ear
33%
easy
33%
'em
33%
everything
33%
father
33%
floor
33%
flying
33%
gave
33%
getting
33%
go
33%
Goes
33%
goin'
33%
going
33%
grabbing
33%
great
33%
Gun
33%
hands
33%
heard
33%
high
33%
hills
33%
Hit
33%
home
33%
honey's
33%
king
33%
know
33%
leaving
33%
let
33%
light
33%
livin'
33%
make
33%
man
33%
mind
33%
more
33%
mother
33%
Motherfucker
33%
neck
33%
never
33%
night
33%
now
33%
old
33%
one
33%
other
33%
out
33%
own
33%
pieces
33%
roads
33%
rolling
33%
round
33%
rum
33%
saw
33%
second
33%
seven
33%
Show
33%
Since
33%
sky
33%
sorry
33%
stealing
33%
take
33%
tear
33%
they
33%
this
33%
Thompson
33%
town
33%
turning
33%
up
33%
used
33%
voice
33%
wall
33%
wanna
33%
water
33%
way
33%
what
33%
young
33%
coulda
0%
hypnotised
0%
lie
0%
Losing
0%
rama
0%
said
0%
Trastevere
0%
No matching quizzes found
Score Distribution
Percent of People with Each Score
Percentile by Number Answered
Your Score History
You have not taken this quiz